Historia de los Estados Unidos: una nación entre naciones.
Uloženo v:
| Hlavní autor: | |
|---|---|
| Další autoři: | |
| Médium: | Neznámo |
| Jazyk: | angličtina |
| Vydáno: |
Buenos Aires, Argentina.
Siglo Veintiuno Editores,
2011
|
| Vydání: | 1a.ed. |
| Témata: | |
| Tagy: |
Přidat tag
Žádné tagy, Buďte první, kdo vytvoří štítek k tomuto záznamu!
|
MARC
| LEADER | 00000 a2200000 4500 | ||
|---|---|---|---|
| 003 | CL-VaPUC | ||
| 005 | 20211122155545.0 | ||
| 008 | 211014b2011 ||||| |||| 00| 0 eng d | ||
| 999 | |c 433696 |d 433694 | ||
| 020 | |a 9789876291712 | ||
| 040 | |c Pontificia Universidad Católica de Valparaíso | ||
| 082 | |a 973 BEN 2011 | ||
| 100 | 1 | |a Bender, Thomas |9 863457 | |
| 245 | 1 | |a Historia de los Estados Unidos: |b una nación entre naciones. | |
| 250 | |a 1a.ed. | ||
| 260 | |a Buenos Aires, Argentina. |b Siglo Veintiuno Editores, |c 2011 | ||
| 300 | |a 382 páginas | ||
| 583 | |k Cristina María Rojas Aguilar |c 20211014 | ||
| 651 | |a Estados Unidos |x Historia |9 863458 | ||
| 700 | |a Bixio, Alcira |e traductora |9 863459 | ||
| 942 | |2 ddc |c BK | ||
| 952 | |0 0 |1 0 |2 ddc |4 0 |6 973_000000000000000_BEN_2011 |7 0 |8 A |9 579004 |a BIBHIS |b BIBHIS |d 2021-10-14 |e 3 |g 15478.00 |i 558924K |l 1 |o 973 BEN 2011 |p 558924K |r 2025-01-20 |s 2022-04-21 |t 1 |v 15478.00 |w 2021-10-14 |y BK |k HIS | ||